000 00371nam a2200145Ia 4500
008 230917s9999||||xx |||||||||||||| ||und||
040 _e131456
_aMAIN
041 _aEnglish
082 _a658 C692B
100 _aCollins, Jim
245 0 _aBuilt to last; successful habits of visionary company
260 _aNew York
_bCollins
_c1994
300 _a342p p.
942 _cBK
999 _c137257
_d137257